| 000 | 01164cab a2200277 4500 | ||
|---|---|---|---|
| 001 | ABS46126 | ||
| 008 | 090401t1992 xxu||||| |||| 00| 0 eng d | ||
| 035 | _a(Sirsi) u56911 | ||
| 041 | _aeng | ||
| 245 | _aEurope special | ||
| 260 | _c1992 | ||
| 350 | _a0 | ||
| 490 |
_aChartered Surveyor Weekly _v38(10) 12 March 1992, 41-61(10) |
||
| 520 | _aA series of articles. Compares two different approaches being followed by surveying firms setting up in Europe. Some, such as Hillier Parker and St have chosen to set up associate offices or joint ventures with other european firms, whilst others, such as Herring Baker Harris, prefer to set up their own offices. Other features include the problems faced by UK surveyors in Spain due to restrictive practices in the property industry, an assessment of the Paris property market and the range of opportunities for investors in Poland. | ||
| 650 | _aASSOCIATE OFFICES | ||
| 650 | _aJOINT VENTURES | ||
| 650 | _aMARNE LA VALLEE | ||
| 650 | _aPARIS | ||
| 650 | _aPOLAND | ||
| 650 | _aRODAMCO | ||
| 650 | _aSPAIN | ||
| 650 | _aWARSAW | ||
| 690 | _aOVERSEAS-EUROPE | ||
| 942 | _n0 | ||
| 948 | _c04/03/1997 | ||
| 999 |
_c34726 _d34726 |
||